MARC

LEADER 00000nam0a2200000 4500
001 300380
005 20231102001309.0
035 |a (RuTPU)RU\TPU\book\325533 
090 |a 300380 
100 |a 20150709d1982 km y0rusy50 ca 
101 0 |a rus 
102 |a RU 
105 |a a z 001zy 
200 1 |a Винтовые насосы  |f Д. Ф. Балденко [и др.] 
210 |a Москва  |c Машиностроение  |d 1982 
215 |a 224 с.  |c ил. 
320 |a Библиогр.: с. 224-225 
606 1 |a Центробежные насосы  |2 stltpush  |3 (RuTPU)RU\TPU\subj\18136  |9 43651 
610 1 |a производство 
610 1 |a применение 
610 1 |a принцип действия 
610 1 |a энергетические потери 
610 1 |a рабочие органы 
610 1 |a конструкции 
610 1 |a винты 
610 1 |a геометрия 
675 |a 621.67  |v 4 
701 1 |a Балденко  |b Д. Ф.  |g Дмитрий Федорович 
701 1 |a Бидман  |b М. Г.  |g Михаил Григорьевич 
701 1 |a Калишевский  |b В. Л.  |g Владимир Львович 
701 1 |a Кантовский  |b В. Л.  |g Владимир Кристапович 
801 1 |a RU  |b 63413507  |c 20150709 
801 2 |a RU  |b 63413507  |c 20190411  |g RCR 
942 |c BK